00547nam a2200169Ia 4500003000900000008004100009020001800050040001600068080001600084100001800100245012600118260003500244300001500279650004100294650002100335650002100356IN-BaIIA211028s9999 xx 000 0 eng d a0-12-147701-0 cIIA Library a535.32bBUT aButton, K. J. 0aInfrared and millimeter wavesbvol.1. sources of radiationcK. J. Button  aNew YorkbAcademic Pressc1979 axiv, 338p. aAstronomy and Astrophysics Thesaurus aInfrared Sources aMillimeter Waves